000
00274nam a22001097a 4500
008
231027b |||||||| |||| 00| 0 eng d
100
_a
Vajpeyee, Mangwato Prasad
_9
5894
245
_a
Vasna Ka Indrajal
260
_a
Delhi;
_b
Navyug Pub.;
_c
1969;
300
_a
176p
942
_c
BK
999
_c
40313
_d
40313